History Quiz

Random History Quiz

Born on July 18th Quiz Stats

 Plays Quiz not verified by Sporcle

Score 0/15 Timer 05:00
0 Plays Today
Description Name % Correct
South African lawyer and anti-apartheid politician, born 1918Nelson Mandela
84.2%
United States Senator and first American astronaut to orbit the Earth, born 1921John Glenn
84.2%
English entrepreneur - music, aviation, telecommunications, etc., born 1950Richard Branson
68.4%
American actor best known for The Fast and the Furious film series, born 1967Vin Diesel
68.4%
English author and poet best known for Vanity Fair, born 1811William Makepeace Thackeray
52.6%
American founder of gonzo journalism movement, born 1937Hunter S. Thompson
52.6%
American actor, producer and director, husband of Barbra Streisand, born 1940James Brolin
52.6%
Dutch director of RoboCop, Total Recall, etc., born 1938Paul Verhoeven
47.4%
Description Name % Correct
English golfer, winner of three Opens and three Masters, born 1957Nick Faldo
42.1%
American R&B and pop singer, backed by the Vandellas, born 1941Martha Reeves
36.8%
American actress known for voicing Anna in Frozen, born 1980Kristen Bell
36.8%
English rapper and producer best known for hit single Paper Planes, born 1975M.I.A
31.6%
American author best known for Eat, Pray, Love, born 1969Elizabeth Gilbert
26.3%
English footballer and manager, West Ham United, Crystal Palace, etc., born 1961Alan Pardew
21.1%
Queen of Denmark, Sweden and Norway, born 1501Isabella of Austria
15.8%

You're not logged in!

Compare scores with friends on all Sporcle quizzes.
OR
Log In

Sporcle TV

Today on Sporcle TV


Watch our educational content, quiz creation guides, and fun videos on Sporcle TV.

Show Comments

Extras

Created Jul 18, 2016SourceReportNominate
Tags:born, description, July

Top Quizzes Today


Score Distribution

Your Account Isn't Verified!

In order to create a playlist on Sporcle, you need to verify the email address you used during registration. Go to your Sporcle Settings to finish the process.

Report this User

Report this user for behavior that violates our Community Guidelines.

Details: